=LDR 00000nam 2200000 4500 =264 ##$$a Paris $b Librairie Armand Colin $c 1971 =csr $a 7032e8feaff19dbabe5d2ccd3b05a085 =856 ##$$a =740 ##$$a =700 #$$a =650 #$$a Adminsitrasi Negara =520 #$$a =338 ##$$a =337 ##$$a =336 ##$$a =300 ##$$a 128 halaman $b ilus $c 16,5 cm $e =001 $a INLIS000000000020949 =246 ##$$a =245 ##$$a La Region en France $b $c Philippe Brongniart =100 1#$$a Philippe Brongniart =084 ##$$a 352 BRO r =082 ##$$a 352 BRO r =035 ##$$a 0010-0626000043 =020 ##$$a =008 $a 260630################g##########0#fre## =005 $a 20260630105135